| 000 | 00828nam a2200229 a 4500 | ||
|---|---|---|---|
| 005 | 20220526063854.0 | ||
| 008 | 991125s1994 mon 000 0 spa u | ||
| 020 | _a9686635777 | ||
| 035 | _aUPN01000020886 | ||
| 049 | _aLT | ||
| 050 | 4 |
_aLB1633 M6.1 _bP5.4 |
|
| 100 | 1 | _aPizaña Torres, Juan Antonio | |
| 245 | 1 | 0 |
_aEspañol 1 : _beducación secundaria : primer grado _bprimer grado / _cJuan Antonio Pizaña Torres, Carlos Luis Salazar Soto, Blanca Esthela Nuñez Martínez |
| 260 |
_aMonterrey : _bCastillo, _c1994 |
||
| 300 |
_a215 p. : _bil. col. cuadro |
||
| 520 | _a"Libro actualizado de acuerdo al programa de estudios vigente" | ||
| 650 | 4 |
_aEspañol _xEstudio y enseñanza (Secundaria) _97237 |
|
| 902 | _aEMO ESTELA MURATALLA OCHOA | ||
| 902 | _aULISES MORALES MARTINEZ | ||
| 904 |
_aAC _b020887 |
||
| 905 | _aLibro | ||
| 999 |
_c20886 _d20886 |
||